LEADER 01721nam a2200385 u 4500 001 000000003941 003 CaOOAMICUS 005 20070226104609.0 008 940514s1979 it u000 u ita u 020 $aL4200 035 $a10104465 040 $aPUL$bita 082 0 $a340.5/4$219 100 1 $aMannino, Vincenzo.$0(OLS)http://pul/name/4097 245 12$aL'auctoritas patrum /$cVincenzo Mannino. 260 $aMilano :$bA. Giuffrè,$c1979. 300 $avii, 151 p. ;$c25 cm 490 1 $aPubblicazioni dell'Istituto di diritto romano e dei diritti dell'Oriente mediterraneo ;$v54 500 $aAt head of title: Università di Roma. 504 $aIncludes bibliographical references. 610 10$aRome.$bSenate.$2//eng$0(OLS)http://pul/subject/3259 650 0$aAuctoritas Patrum.$2//eng$0(OLS)http://pul/subject/3260 650 4$aRoman law.$0(OLS)http://pul/subject/117 710 2 $aUniversità degli studi di Roma.$bIstituto di diritto romano e dei diritti dell'Oriente mediterraneo.$0(OLS)http://pul/name/4098 830 0$aPubblicazioni dell'Istituto di diritto romano e dei diritti dell'Oriente mediterraneo ;$v54.$0(OLS)http://pul/title/1482 850 $aPUL 852 $aPUL$W1$xSL Diritto e Scienze Sociali 1$y4$m189 C 66$j5431$nBK-PRI$b $qStampati$B5431$CPULBib$Z2$F5431 $H $81 941 1 $a8 960 $aDiritto romano$9117 960 $aDiritto romano$9117 961 $aINV: 47323 996 $6020$aL4200$9(OLS)http://pul/number/5118 996 $6082$a340.5/4$219$9(OLS)http://pul/classification/19 996 $6245$aL'auctoritas patrum$9(OLS)http://pul/title/5755 996 $6260$aMilano :$bA. Giuffrè$9(OLS)http://pul/publisher/48096 LEADER 01527nam a2200313 u 4500 001 000000123750 003 CaOOAMICUS 005 20101118111900.0 008 101118t2000 it u000 u ita r 020 $a88-86655-70-3 040 $aPUL$bita 082 04$a263.9 111 2 $aSettimana Liturgica Nazionale$n(50 :$d1999 :$cMantova).$0(OLS)http://pul/name/78024 245 13$aIl Giubileo atto di lode al Padre :$b"a te Dio Padre onnipotente ogni onore e gloria" /$cL Settimana Liturgica Nazionale. Mantova, 23-27 agosto 1999 ; a cura del Centro di Azione Liturgica. 260 $aRoma :$bEdizioni Liturgiche,$c2000. 300 $a152 p. ;$c24 cm 490 1 $aBibliotheca "Ephemerides liturgicae". Sectio pastoralis ;$v20 504 $aBibliografia in nota. 650 4$aLiturgia.$0(OLS)http://pul/subject/2437 710 2 $aCentro di azione liturgica.$0(OLS)http://pul/name/19924 830 0$aBibliotheca "Ephemerides liturgicae".$pSectio pastoralis ;$v20.$0(OLS)http://pul/title/148777 850 $aPUL 852 $aPUL$W1$xSL Religione 3$y85$m263. 9 CAL 1$j142545$qDDC 21$B141505$CPULBib$Z2$F141505 $H109158 $82 941 1 $a9 996 $6020$a88-86655-70-3$9(OLS)http://pul/number/145922 996 $6082$a263.9$9(OLS)http://pul/classification/1753 996 $6245$aIl Giubileo atto di lode al Padre :$b"a te Dio Padre onnipotente ogni onore e gloria"$9(OLS)http://pul/title/155983 996 $6260$aRoma :$bEdizioni Liturgiche$9(OLS)http://pul/publisher/48268